[Event "It (open)"]
[Site "masterchessopen.com Minsk (Belarus)"]
[Round "2"]
[White "Krivonogov A (RUS)"]
[Black "Koutsin Sergey (UKR)"]
[Result "0-1"]
[WhiteElo "2310"]
[BlackElo "2435"]

1.Nf3 d5 2.g3 Nf6 3.Bg2 c6 4.d4 g6 5.O-O Bg7 6.c4 O-O 7.Nbd2 Bf5 8.b3 Ne4
9.Bb2 Nd7 10.Nxe4 Bxe4 11.Qd2 a5 12.cxd5 Bxd5 13.Rfe1 Nf6 14.Qf4 Qd6 15.Qh4 h6
16.Qf4 Qxf4 17.gxf4 a4 18.bxa4 Rxa4 19.a3 Rfa8 20.e3 e6 21.Ne5 Bxg2 22.Kxg2
Bf8 23.Reb1 Ne4 24.Bc1 R8a7 25.Rb3 Nd6 26.Nd7 b5 27.Ne5 R7a6 28.Bb2 b4 29.Rc1
bxa3 30.Ba1 a2 31.Rb8 Ra8 {#R} 0-1

[Event "Ch Moscow (open)"]
[Site "masterchessopen.com Moscow (Russia)"]
[Round "11"]
[White "Ukolov Aleksandr (RUS)"]
[Black "Afanasiev Vadim (RUS)"]
[Result "1-0"]
[WhiteElo "2408"]
[BlackElo "2295"]

1.d4 d5 2.c4 c6 3.Nf3 Nf6 4.Nbd2 g6 5.g3 Bg7 6.Bg2 O-O 7.O-O Ne4 8.cxd5 Nxd2
9.Bxd2 cxd5 10.Ne5 Nc6 11.Bc3 Be6 12.Nxc6 bxc6 13.b4 Qb6 14.Rc1 Bf5 15.e3 Qa6
16.a4 Rab8 17.Re1 Rfc8 18.Bf1 Qb7 19.Qe2 Qd7 20.Qa6 Rb6 21.Qa5 Qb7 22.Bd2 a6
23.Qc5 Qa7 24.f3 Bf8 25.a5 Rb7 26.Qxa7 Rxa7 27.e4 Bd7 28.exd5 cxd5 29.Rxc8
Bxc8 30.Rc1 Bd7 31.Bf4 Bg7 32.Be5 Bxe5 33.dxe5 Kf8 34.Kf2 Ke8 35.Ke3 Kd8
36.Kd4 e6 37.Bd3 h5 38.h4 Bc8 39.Rc6 Bb7 40.Rd6+ Kc7 41.Kc5 Ra8 42.Be2 Ra7
43.Bd1 Ra8 44.Ba4 Rd8 45.Rxd8 Kxd8 46.Kb6 Kc8 47.Be8 d4 48.Bxf7 d3 49.Bxe6+
Kb8 50.Bc4 d2 51.Be2 Bd5 52.Bd1 Bc4 53.Kc5 Bb5 54.Kd4 Kc7 55.Ke3 Kc6 56.Kxd2
Kd5 57.Be2 {#r} 1-0

[Event "Ch Yugoslavia (1/2 final) (open)"]
[Site "masterchessopen.com Niska Banja (Yugoslavia)"]
[Round "2"]
[White "Nikolic Stanimir (SRB)"]
[Black "Petrovic Zoran R (SRB)"]
[Result "1-0"]
[WhiteElo "2345"]
[BlackElo "2095"]

1.Nf3 Nf6 2.g3 g6 3.Bg2 Bg7 4.d4 d5 5.c4 O-O 6.O-O c6 7.Nbd2 Ne4 8.e3 Nxd2
9.Nxd2 dxc4 10.Nxc4 Nd7 11.Bd2 Nb6 12.Ba5 Be6 13.Rc1 Qe8 14.b3 Nxc4 15.bxc4
Qc8 16.Bb4 Re8 17.Re1 Bd7 18.Qb3 e6 19.a4 Bf8 20.Red1 Qc7 21.Be1 Rab8 22.Bf1
Qd6 23.Rb1 Qc7 24.Bc3 Bg7 25.Bb4 Bf8 26.Rd2 Bxb4 27.Qxb4 Bc8 28.Rdb2 Bd7 29.c5
Bc8 30.a5 h5 31.f4 Kg7 32.a6 b6 33.cxb6 Rxb6 34.Qc3 Rxb2 35.Rxb2 Kg8 36.Qc5
Kg7 37.Kf2 f6 38.Bg2 Bxa6 39.Ra2 Bb7 40.Rxa7 Re7 41.Bxc6 {#r} 1-0

[Event "It (open)"]
[Site "masterchessopen.com Oberwart (Austria)"]
[Round "1"]
[White "Ruck Robert (HUN)"]
[Black "Amann Guenter (AUT)"]
[Result "1-0"]
[WhiteElo "2465"]
[BlackElo "2353"]

1.d4 d5 2.Nf3 Nf6 3.g3 g6 4.Bg2 Bg7 5.c4 c6 6.Nbd2 O-O 7.O-O Ne4 8.e3 Nxd2
9.Nxd2 Be6 10.Qe2 Nd7 11.Rd1 Qa5 12.b3 b5 13.cxb5 cxb5 14.Bf1 a6 15.a4 Rfc8
16.Bb2 b4 17.Rac1 Nf6 18.f3 Bh6 19.Kf2 Bf5 20.Rxc8+ Bxc8 21.Rc1 Bb7 22.Qd3 Qb6
23.Bh3 e6 24.Bf1 Re8 25.Be2 Nd7 26.f4 Nf6 27.Bf3 Bg7 28.g4 Qd6 29.g5 Nd7
30.Be2 f5 31.Nf3 Rc8 32.Rxc8+ Bxc8 33.Qc2 Bb7 34.Ne1 Kf7 35.h4 Bf8 36.Nd3 Qb8
37.Qd2 Qd6 38.Qc2 Qb8 39.h5 Qd6 40.hxg6+ hxg6 41.Ke1 Qc6 42.Qd2 Qb6 43.Kd1 Qd6
44.Qe1 Qb6 45.Qh4 Bg7 46.Qh7 Qd6 47.Nc5 Bc8 48.Kd2 Nf8 49.Qh1 Nd7 50.Qc1 Qc6
51.Nxa6 Qxc1+ 52.Bxc1 Bxa6 53.Bxa6 Nb8 54.Bb5 Bf8 55.a5 Bd6 56.a6 Nxa6 57.Bxa6
Ke7 58.Ke2 Kf7 59.Kf3 Ke7 60.Bd2 Kf7 61.Bd3 Ke7 62.e4 dxe4+ 63.Bxe4 fxe4+
64.Kxe4 Kd8 65.d5 exd5+ 66.Kxd5 Kd7 67.Be3 Bc7 68.Bd2 Bd6 69.f5 gxf5 70.g6 Bf8
71.Bxb4 Bg7 72.Bd6 {#r} 1-0

[Event "Ch Poland (team) 1996/97"]
[Site "masterchessopen.com Poland"]
[Round "0"]
[White "Szypulski Andrzej (POL)"]
[Black "Witkowski Stefan (POL)"]
[Result "1-0"]
[WhiteElo "2405"]
[BlackElo "2265"]

1.d4 Nf6 2.Nf3 g6 3.g3 Bg7 4.Bg2 O-O 5.O-O d5 6.Nbd2 c6 7.c4 Bf5 8.b3 Ne4
9.Bb2 Nxd2 10.Qxd2 Be4 11.e3 Nd7 12.Rfd1 a5 13.Qe2 a4 14.cxd5 cxd5 15.Qb5 b6
16.Rdc1 a3 17.Bc3 Re8 18.Nd2 Bxg2 19.Kxg2 e6 20.Nf3 Qc8 21.Bb4 Qb7 22.Rc6 Rec8
23.Rac1 Bf8 24.Bxf8 Rxc6 25.Qxc6 Qxc6 26.Rxc6 Kxf8 27.Kf1 Ke8 28.Ne5 Nxe5
29.dxe5 Kd7 30.Rxb6 Kc7 31.Rb4 Kc6 32.Ke2 Kc5 33.Rf4 Ra7 34.h4 Kb5 35.Kd2 h6
36.Rd4 Kc5 37.f4 h5 38.Kc3 Kb5 39.Rb4+ Kc5 40.Rb8 Rc7 41.b4+ Kc6 42.Kb3 Ra7
43.Rc8+ Kb6 44.Rc5 Ra8 45.Ra5 Rc8 46.Rxa3 Rc4 47.Ra8 Re4 48.Rb8+ Kc7 49.Rf8
Rxe3+ 50.Ka4 d4 51.Rxf7+ Kd8 52.Rf6 Kd7 53.Rxg6 Rc3 54.f5 exf5 55.Rd6+ Ke7
56.Rxd4 Rxg3 57.Rd6 Re3 58.Rh6 Rxe5 59.Rxh5 Ke6 60.Rh6+ Ke7 61.Rc6 f4 62.Rc1
Rh5 63.b5 Rxh4 64.Rc4 Kd6 65.b6 Rh2 66.a3 Rb2 67.Ka5 f3 68.Rc1 Kd7 69.Ka6 Rc2
70.Rf1 Kc8 71.Ka7 {#r} 1-0

[Event "Ch Czech Republic (juniors) (under 18)"]
[Site "masterchessopen.com Prague (Czech Republic)"]
[Round "6"]
[White "Spacek Libor (CZE)"]
[Black "Bargel Martin (CZE)"]
[Result "0-1"]
[WhiteElo "2191"]
[BlackElo "2162"]

1.g3 g6 2.Bg2 Bg7 3.Nf3 Nf6 4.O-O O-O 5.d4 d5 6.c4 c6 7.Nbd2 Bf5 8.Nh4 Be6
9.cxd5 cxd5 10.e3 Nc6 11.Nb3 b6 12.Nf3 Qc8 13.Ne5 Rd8 14.Bd2 Nxe5 15.dxe5 Ne4
16.f4 Bg4 17.Bf3 Bxf3 18.Rxf3 Qc4 19.Rc1 Qa6 20.Bb4 e6 21.a3 Rac8 22.Rf1 Rxc1
23.Nxc1 Rc8 24.Qd3 Qxd3 25.Nxd3 a5 26.Be7 Re8 27.Bd6 Nxd6 28.exd6 Rd8 29.Rc1
Bf8 30.d7 Rxd7 31.Rc8 Kg7 32.Rb8 Rd6 33.Rb7 Rc6 34.Kf2 Bd6 35.Ke2 Kf8 36.Kd2
Ke8 37.Ne5 Bxe5 38.fxe5 Kf8 39.Kd3 Kg7 40.b3 g5 41.g4 Kg6 42.h3 h6 43.b4 Rc1
44.bxa5 bxa5 45.Rb5 Rh1 46.Rxa5 Rxh3 47.Ra8 Rh4 48.a4 Rxg4 49.a5 Ra4 50.a6 Kf5
51.Ra7 Kxe5 52.Rxf7 Rxa6 53.Rh7 Ra3+ 54.Kd2 Ra2+ {#R} 0-1

[Event "It (open)"]
[Site "masterchessopen.com Sentjur (Slovenia)"]
[Round "0"]
[White "Florjancic Rudolf (SLO)"]
[Black "Ivacic Vladimir (SLO)"]
[Result "0-1"]
[WhiteElo "1961"]
[BlackElo "2285"]

1.d4 Nf6 2.c4 g6 3.Nf3 Bg7 4.g3 c6 5.Bg2 d5 6.O-O O-O 7.Nbd2 Bf5 8.Nh4 Be6
9.cxd5 cxd5 10.b3 Nc6 11.Bb2 Qd7 12.Nhf3 Rac8 13.Ne5 Nxe5 14.dxe5 Ng4 15.Nf3
Qc7 16.Rc1 Qb8 17.Qd4 Rfd8 18.h3 Nh6 19.g4 Rc6 20.Rxc6 bxc6 21.Qc5 Qb7 22.Bd4
f6 23.Rc1 Bd7 24.Rc2 a6 25.Qc3 Rf8 26.Qe3 fxe5 27.Nxe5 Nf7 28.Nxf7 Rxf7
29.Bxg7 Kxg7 30.Qc3+ Kg8 31.e4 e6 32.Qa5 Rf8 33.Qc5 Qb8 34.Bf1 Qe5 35.exd5
exd5 36.Bxa6 h5 37.Qc3 Qe4 38.Qd3 Qe1+ 39.Qf1 Qe5 40.Qe2 Qa1+ 41.Qf1 Qe5
42.Qd1 hxg4 43.hxg4 Qe4 44.Qe2 Qd4 45.Rd2 Qf4 46.f3 Qg3+ 47.Qg2 Qe1+ 48.Bf1
Rxf3 49.Qxf3 Qxd2 50.Qd3 Qg5 51.Be2 Bxg4 52.Qg3 Qc1+ 53.Bf1 Bf5 54.b4 Qd1
55.Qb8+ Kh7 56.Qc7+ Kh6 57.Qxc6 Qd4+ 58.Kh2 Qf4+ 59.Kg1 Qe3+ 60.Kh2 Be4 61.Qf6
Qd2+ 62.Kg1 Qxb4 63.Qf4+ Kg7 64.Qe5+ Kf7 65.Qc7+ Qe7 66.Qxe7+ Kxe7 67.Kf2 d4
68.Ke1 Kd6 69.Kd2 Kc5 70.a3 g5 71.Bh3 Bf3 72.a4 g4 {#R} 0-1

[Event "It (open)"]
[Site "masterchessopen.com Terrasa (Spain)"]
[Round "0"]
[White "Garcia Rubio Jose Antonio (ESP)"]
[Black "Bjerring Kai (DEN)"]
[Result "0-1"]
[WhiteElo "2132"]
[BlackElo "2340"]

1.d4 d5 2.Nf3 c6 3.g3 g6 4.Bg2 Bg7 5.O-O Nf6 6.Nbd2 O-O 7.c4 dxc4 8.Nxc4 Be6
9.b3 Bd5 10.Bb2 Nbd7 11.Qc2 Be4 12.Qc1 a5 13.Ncd2 a4 14.Nxe4 Nxe4 15.Rb1 axb3
16.axb3 Qb6 17.Qc2 Nd6 18.Ra1 Rac8 19.Rfd1 c5 20.d5 Bxb2 21.Qxb2 c4 22.Nd4 c3
23.Qc2 Rc7 24.e3 Rfc8 25.Ra3 Nb5 26.Nxb5 Qxb5 27.Bf1 Qc5 28.Ra4 b5 29.Rad4 b4
30.d6 exd6 31.Rxd6 Ne5 32.Bg2 Re7 33.R6d5 Qa7 34.R5d4 Qa3 35.Bd5 Kg7 36.Kg2 h5
37.h3 Rcc7 38.Qc1 c2 39.Re1 Rc3 40.Be4 Qxb3 41.Re2 Rec7 42.Rdd2 Qc4 43.Bxc2 b3
44.Bxb3 Qxb3 45.Qa1 Qc4 46.e4 h4 47.gxh4 Qe6 48.f4 Qxh3+ {#R} 0-1

[Event "Ch Yugoslavia (team) (w)"]
[Site "masterchessopen.com Vrnjacka Banja (Serbia)"]
[Round "8"]
[White "Markov Vesna (SRB)"]
[Black "Zarkovic Danijela (SCG)"]
[Result "1-0"]
[WhiteElo "2135"]
[BlackElo "2120"]

1.Nf3 Nf6 2.c4 d5 3.d4 g6 4.g3 Bg7 5.Bg2 O-O 6.O-O c6 7.Nbd2 Ne4 8.cxd5 Nxd2
9.Bxd2 cxd5 10.Bc3 Nc6 11.Qd3 Re8 12.h3 e6 13.a4 Qb6 14.Qd1 a5 15.e3 Rd8
16.Qd2 Bf8 17.Rfc1 Bb4 18.Bf1 Bd7 19.h4 Rdc8 20.h5 Qd8 21.Bb5 Bxc3 22.bxc3 Qf6
23.Kg2 g5 24.h6 g4 25.Nh2 e5 26.Qd1 Qg6 27.dxe5 Bf5 28.Kg1 Rd8 29.f4 gxf3
30.Qxf3 Nxe5 31.Qf4 Nc4 32.Rf1 Bh3 33.Rf2 Rac8 34.Nf3 Nd6 35.Nh4 Qg4 36.Kh2
Qxf4 37.gxf4 Ne4 38.Rg1+ Kf8 39.Rb2 Be6 40.Rg7 Nf6 41.f5 Bd7 42.Bxd7 Rxd7
43.Rb6 Rc6 44.Rxc6 bxc6 45.Nf3 Ne8 46.Ng5 Rd6 47.Rxf7+ Kg8 48.Rxh7 Rf6 49.Re7
Rxh6+ 50.Kg3 Nd6 51.Kf4 Kf8 52.Ra7 Nc4 53.Ne6+ Ke8 54.Kg5 Rh3 55.f6 Nd6
56.Re7# 1-0

[Event "Memorial Petrosian & Kasparian (cat.15)"]
[Site "masterchessopen.com Yerevan (Armenia)"]
[Round "8"]
[White "Nikolic Predrag (BIH)"]
[Black "Svidler Peter (RUS)"]
[Result "1-0"]
[WhiteElo "2670"]
[BlackElo "2650"]

1.d4 Nf6 2.Nf3 g6 3.g3 d5 4.Bg2 Bg7 5.O-O O-O 6.c4 c6 7.Nbd2 Ne4 8.b3 c5 9.Bb2
Nxd2 10.Qxd2 dxc4 11.bxc4 cxd4 12.Nxd4 Nc6 13.Rfd1 Nxd4 14.Bxd4 Qxd4 15.Qxd4
Bxd4 16.Rxd4 Rb8 17.c5 Be6 18.Ra4 a6 19.c6 bxc6 20.Rxa6 c5 21.a4 Rb2 22.a5 c4
23.Rc6 Rfb8 24.Be4 Rxe2 25.Rb6 Rd8 26.Bf3 Red2 27.a6 c3 28.a7 c2 29.Rb8 {#r}
1-0

[Event "Olympiad (w)"]
[Site "masterchessopen.com Yerevan (Armenia)"]
[Round "1"]
[White "Salas Rasillas Concepcion (ESP)"]
[Black "Fruteau Sabine (FRA)"]
[Result "0-1"]
[WhiteElo "1762"]
[BlackElo "2132"]

1.Nf3 d5 2.g3 Nf6 3.Bg2 g6 4.d4 Bg7 5.O-O O-O 6.Nbd2 c6 7.c4 Qb6 8.cxd5 cxd5
9.e3 Bd7 10.Re1 Bb5 11.Ne5 e6 12.Qb3 Nc6 13.Ndf3 Na5 14.Qb4 Rfc8 15.a4 Be8
16.Bd2 Nb3 17.Ra2 Bf8 18.Qxb6 axb6 19.Bc3 Ne4 20.Rb1 Nxc3 21.bxc3 Rxc3 22.Bf1
f6 23.Ng4 Kf7 24.h4 b5 25.Nd2 Nxd2 26.Rxd2 b4 27.Ra1 Rxa4 28.Rb1 Rca3 29.Rc2
Bc6 30.Rcb2 Ra1 31.Bd3 R4a2 32.Kg2 Rxb2 33.Rxb2 Ba4 {#R} 0-1

[Event "Olympiad (w)"]
[Site "masterchessopen.com Yerevan (Armenia)"]
[Round "11"]
[White "Voronova Tatiana (LAT)"]
[Black "Zagorskaya Tatiana (BLR)"]
[Result "1-0"]
[WhiteElo "2255"]
[BlackElo "2155"]

1.Nf3 Nf6 2.g3 g6 3.Bg2 Bg7 4.d4 O-O 5.O-O c6 6.c4 d5 7.Nbd2 e6 8.Qc2 Na6 9.a3
Nc7 10.b3 Nd7 11.Bb2 f5 12.Rad1 g5 13.Ne5 Nxe5 14.dxe5 Qe7 15.b4 a6 16.Bd4 Qf7
17.f4 g4 18.Bb6 Rd8 19.Nb3 Rd7 20.Na5 h5 21.Rd3 h4 22.gxh4 Bh6 23.Qd2 Ne8
24.Bf2 Ng7 25.Rc1 Nh5 26.e3 Bf8 27.c5 Qg6 28.Nc4 Rg7 29.Nb6 Rb8 30.Bg3 Be7
31.Rd4 Qe8 32.Qf2 Rh7 33.Rc2 Ng7 34.Kf1 Qd8 35.Ke2 Bxh4 36.Kd3 Bxg3 37.hxg3
Qe7 38.Kc3 Ne8 39.Rd1 Nc7 40.Kb3 Na8 41.a4 Nxb6 42.cxb6 a5 43.Qd2 Ra8 44.Qd4
Bd7 45.Qc5 axb4 46.Qxe7 Rxe7 47.Rc5 Rh7 48.Kxb4 Rh2 49.Rd2 Kf7 50.a5 Ke7
51.Ra2 Kd8 52.Rc1 Rh8 53.Kc5 Ke7 54.Rca1 Rh2 55.Bf1 Rxa2 56.Rxa2 Bc8 57.a6
bxa6 58.Kxc6 Bd7+ 59.Kb7 Rc8 60.Bxa6 Rc3 61.Ka7 Bc6 62.Bb5 Bxb5 63.b7 Bc4
64.b8=Q {#r} 1-0

[Event "Ch European Union (w)"]
[Site "masterchessopen.com Athens (Greece)"]
[Round "13"]
[White "Cuevas-Rodriguez Ma Luisa (ESP)"]
[Black "Makropoulou Marina (GRE)"]
[Result "1-0"]
[WhiteElo "2185"]
[BlackElo "2290"]

1.d4 d5 2.c4 c6 3.Nf3 Nf6 4.Nbd2 g6 5.g3 Bg7 6.Bg2 O-O 7.O-O Re8 8.b3 Ne4
9.Bb2 Bf5 10.Rc1 Nd7 11.cxd5 cxd5 12.Nh4 e6 13.Nxf5 gxf5 14.f3 Nd6 15.e4 Qb6
16.exd5 Bxd4+ 17.Bxd4 Qxd4+ 18.Kh1 Qxd5 19.f4 Ne4 20.Nxe4 fxe4 21.Qg4+ Kf8
22.Rfd1 Nf6 23.Qh4 Qf5 24.Bh3 Qg6 25.Rc5 Rad8 26.Rxd8 Rxd8 27.Rg5 Rd1+ 28.Kg2
Rd2+ 29.Kf1 Nd5 30.Rxg6 hxg6 31.Qh8+ Ke7 32.Qe5 {#r} 1-0

[Event "It (open) \"]
[Site "masterchessopen.com Athens (Greece)"]
[Round "9"]
[White "Vasovski Nikola (MKD)"]
[Black "Makropoulou Marina (GRE)"]
[Result "1-0"]
[WhiteElo "2355"]
[BlackElo "2290"]

1.Nf3 d5 2.g3 c6 3.Bg2 g6 4.O-O Bg7 5.d4 Nf6 6.Nbd2 O-O 7.c4 h6 8.b3 a5 9.a3
b5 10.Bb2 Nbd7 11.Ne5 Nxe5 12.dxe5 Ng4 13.cxd5 cxd5 14.Nf3 h5 15.h3 Nh6 16.Nd4
Qb6 17.Qd2 Rd8 18.Rac1 Nf5 19.Rc6 Qb7 20.Rfc1 Nxd4 21.Bxd4 Be6 22.Rc7 Qb8
23.Qe3 Ra6 24.Kh2 Kh7 25.f4 Bf8 26.Bf3 Rc8 27.Qc3 Rxc7 28.Qxc7 Ra8 29.Bb6 Qxc7
30.Rxc7 Kg8 31.Rc5 Ra6 32.Bc7 Ra7 33.Rc1 f6 34.Bb6 Ra6 35.Bd4 f5 36.Rc5 Rb6
37.Bxd5 Bxd5 38.Rxd5 Rb8 39.e6 Bg7 40.Bc5 Kf8 41.Rd7 Bf6 42.Kg2 Rc8 43.b4 axb4
44.axb4 Rc6 45.Kf3 Rxe6 46.Rb7 Ke8 47.Rxb5 Kd7 48.Rb8 Bc3 49.b5 Ba5 50.Rb7+
Kd8 51.e3 Bc7 52.b6 Bd6 53.Bd4 Kc8 54.Ra7 Bb8 55.Ra5 Kb7 56.g4 hxg4+ 57.hxg4
fxg4+ 58.Kxg4 Rc6 59.Kg5 Re6 60.Kg4 Rc6 61.Rg5 Ka6 62.Be5 Rxb6 63.Bxb8 Rxb8
64.Rxg6+ Kb7 65.Rg7 Re8 66.Kf5 Kc7 67.Ke6 Kd8 68.f5 Rf8 69.Rxe7 Rxf5 70.Kxf5
Kxe7 71.Ke5 Kf7 72.Kd6 Kf6 73.e4 Kf7 74.e5 Ke8 75.Ke6 {#r} 1-0

[Event "It (open)"]
[Site "masterchessopen.com Bad Wiessee (Germany)"]
[Round "2"]
[White "Stuemer Paul (GER)"]
[Black "Kempinski Robert (POL)"]
[Result "0-1"]
[WhiteElo "2130"]
[BlackElo "2530"]

1.Nf3 Nf6 2.g3 g6 3.Bg2 Bg7 4.O-O d5 5.d4 O-O 6.c4 c6 7.Nbd2 Bf5 8.b3 a5 9.a3
Ne4 10.Bb2 Qb6 11.Ra2 Rd8 12.e3 Nd7 13.Re1 Ndf6 14.c5 Qc7 15.Qa1 g5 16.Qc1 h6
17.Ra1 b6 18.b4 Qb7 19.Nxe4 Nxe4 20.Nd2 axb4 21.axb4 Rxa1 22.Bxa1 Nxd2 23.Qxd2
Ra8 24.Bc3 Ra4 25.Qb2 bxc5 26.bxc5 Qxb2 27.Bxb2 Ra2 28.Bc3 Rc2 29.Ba1 e5 30.h3
exd4 31.Bxd4 Rd2 32.Ra1 Bxd4 33.exd4 Rxd4 34.Ra6 Bd7 35.Ra7 Be8 36.Bf1 Rd1
37.Kg2 Rc1 38.Ra5 Bd7 39.g4 Kg7 40.Bd3 Rc3 41.Be2 Kf6 {#R} 0-1

[Event "It (b)"]
[Site "masterchessopen.com Beer-Sheva (Israel)"]
[Round "0"]
[White "Roiz Michael (ISR)"]
[Black "Shevelev Danny (ISR)"]
[Result "0-1"]
[WhiteElo "2200"]
[BlackElo "2299"]

1.Nf3 Nf6 2.d4 g6 3.c4 Bg7 4.g3 c6 5.Bg2 O-O 6.O-O d5 7.Nbd2 Bf5 8.b3 a5 9.Bb2
Ne4 10.Nh4 Nxd2 11.Qxd2 Be6 12.Nf3 Nd7 13.Ng5 a4 14.Nxe6 fxe6 15.e4 dxe4
16.Bxe4 e5 17.d5 Nc5 18.Bc2 Ne6 19.Rae1 axb3 20.axb3 Nd4 21.Bxd4 exd4 22.dxc6
bxc6 23.Qd3 Qd7 24.h4 Ra2 25.Bb1 Ra5 26.Re2 Raf5 27.Qd1 Rf3 28.Be4 Rc3 29.h5
gxh5 30.Ra2 Qh3 31.Bxc6 h4 32.Bg2 Qf5 33.Re2 Bf6 34.Re4 Kh8 35.Rf4 Qg5 36.Rxh4
d3 37.Be4 Bd4 38.Rxh7+ Kg8 39.Kg2 d2 40.Rh5 Rxf2+ 41.Rxf2 Rxg3+ 42.Kh1 Rg1+
{#R} 0-1

[Event "It (b)"]
[Site "masterchessopen.com Budapest (Hungary)"]
[Round "8"]
[White "Hera Imre Jr (HUN)"]
[Black "Zalkind Konstantin (ISR)"]
[Result "0-1"]
[WhiteElo "2245"]
[BlackElo "2315"]

1.d4 Nf6 2.Nf3 g6 3.g3 Bg7 4.c4 c6 5.Bg2 O-O 6.O-O d5 7.Nbd2 Ne4 8.e3 Nxd2
9.Nxd2 dxc4 10.Nxc4 Be6 11.Qc2 Bd5 12.f3 f5 13.Rd1 Bf7 14.Ne5 Be6 15.b3 Nd7
16.Bb2 Qc7 17.Nxd7 Qxd7 18.Qd2 Rad8 19.Rac1 g5 20.e4 fxe4 21.fxe4 Bg4 22.Qxg5
Bxd1 23.Rxd1 Kh8 24.h3 Qd6 25.a3 Qc7 26.e5 Bxe5 27.Rd3 Bf6 28.Qh6 Rg8 29.Kh2
c5 30.Be4 Rg7 31.Bc1 Rxd4 32.Bf4 Qd8 33.Rxd4 cxd4 34.Qh5 d3 35.Bh6 Rg6 36.Bf8
Kg8 37.Bxg6 hxg6 38.Qxg6+ Kxf8 {#R} 0-1

[Event "It"]
[Site "masterchessopen.com Ciego de Avila (Cuba)"]
[Round "2"]
[White "Araque Rafael (COL)"]
[Black "Vasquez Rodrigo (CHI)"]
[Result "0-1"]
[WhiteElo "2265"]
[BlackElo "2480"]

1.d4 Nf6 2.g3 g6 3.Bg2 d5 4.c4 c6 5.Nf3 Bg7 6.O-O O-O 7.Nbd2 Ne4 8.Qb3 Qb6
9.c5 Qxb3 10.Nxb3 b6 11.cxb6 axb6 12.Nfd2 Nxd2 13.Bxd2 Ba6 14.Rfe1 Bc4 15.Bc3
Nd7 16.e4 e6 17.exd5 cxd5 18.Bf1 Rfc8 19.Nc1 Nb8 20.Rd1 h5 21.h3 b5 22.Bxc4
Rxc4 23.Ne2 b4 24.Be1 Nc6 25.Kf1 Rc2 26.a3 Rxb2 27.axb4 Rxa1 28.Rxa1 Nxd4
29.Bc3 Rxe2 30.Ra8+ Kh7 31.Bxd4 Rc2 32.Bc5 g5 33.Rc8 Bd4 34.f3 Rf2+ 35.Ke1
Bxc5 36.bxc5 Rxf3 37.Kd2 Rxg3 38.c6 d4 39.Rf8 Rc3 40.Rxf7+ Kg6 41.Rc7 Kf5
42.Rc8 e5 43.c7 Ke4 44.Ke2 g4 45.h4 Rc2+ 46.Kd1 d3 47.Ke1 Ke3 48.Kd1 e4 {#R}
0-1

[Event "It (open)"]
[Site "masterchessopen.com Copenhagen (Denmark)"]
[Round "0"]
[White "Bekker-Jensen David (DEN)"]
[Black "Olsen Heini (FAI)"]
[Result "1-0"]
[WhiteElo "2180"]
[BlackElo "2310"]

1.d4 Nf6 2.c4 g6 3.Nf3 Bg7 4.g3 c6 5.Bg2 d5 6.Nbd2 O-O 7.O-O a5 8.b3 Bf5 9.Bb2
Nbd7 10.h3 Be4 11.e3 e6 12.Qe2 Re8 13.Rfc1 Bf8 14.Bf1 Bxf3 15.Nxf3 Bd6 16.Nd2
Qe7 17.Rd1 a4 18.c5 Bc7 19.b4 e5 20.dxe5 Nxe5 21.Nf3 Ne4 22.Bd4 Qe6 23.Kh2 Qf5
24.Kg2 h5 25.Rac1 Nxf3 26.Qxf3 Qxf3+ 27.Kxf3 Be5 28.h4 Re6 29.Rc2 Bxd4 30.Rxd4
Kg7 31.Bd3 Nf6 32.Kg2 Nd7 33.e4 Nf6 34.exd5 Nxd5 35.Be4 Nf6 36.Bf3 Rb8 37.Rd3
Rc8 38.Rcd2 Rc7 39.Ra3 b5 40.cxb6 Rb7 41.b5 Rxb6 42.Bxc6 Ne4 43.Rd4 Nd6 44.Rd5
Ne4 45.Re3 Nf6 46.Rd4 Rxe3 47.fxe3 Ng4 48.Re4 a3 49.Kf3 Kf6 50.Kf4 Nf2 51.Rd4
Ke6 52.e4 f6 53.Rd5 Rb8 54.Ke3 Ng4+ 55.Kd4 Ne5 56.Kc5 f5 57.exf5+ gxf5 58.b6
Nxc6 59.Rd6+ Ke5 60.Rxc6 f4 61.gxf4+ Kxf4 62.Rg6 {#r} 1-0

[Event "Extra League 1997/98"]
[Site "masterchessopen.com Czech Republic"]
[Round "3"]
[White "Tibensky Robert (SVK)"]
[Black "Haba Zdenek (CZE)"]
[Result "1-0"]
[WhiteElo "2420"]
[BlackElo "2255"]

1.d4 d5 2.Nf3 Nf6 3.c4 c6 4.Nbd2 g6 5.g3 Bg7 6.Bg2 O-O 7.O-O Nbd7 8.b3 b6
9.Bb2 Bb7 10.Rc1 Rc8 11.Rc2 c5 12.e3 dxc4 13.bxc4 e6 14.Re1 Qc7 15.Rc1 Ne4
16.Nxe4 Bxe4 17.Qe2 Qb7 18.Red1 Rfd8 19.Ne1 Bxg2 20.Nxg2 cxd4 21.exd4 Nf6
22.Ne3 Ne4 23.h4 Nf6 24.d5 exd5 25.cxd5 Rxc1 26.Bxc1 Ne4 27.Bb2 Nc3 28.Bxc3
Bxc3 29.d6 Qe4 30.Qb5 h5 31.d7 Qf3 32.Qd5 Qxd5 33.Nxd5 Bb2 34.Ne7+ Kf8 35.Nc6
{#r} 1-0

[Event "Ch Euskadi"]
[Site "masterchessopen.com Euskadi (Spain)"]
[Round "0"]
[White "Alvarez Ibarra Rafael (ESP)"]
[Black "Argaya Urdaniz Miguel (ESP)"]
[Result "1-0"]
[WhiteElo "2395"]
[BlackElo "2000"]

1.d4 Nf6 2.g3 d5 3.Bg2 g6 4.c4 c6 5.Nd2 Bg7 6.Ngf3 O-O 7.O-O Ne4 8.b3 Bg4
9.Bb2 Bxf3 10.Nxf3 e6 11.Qc2 Nd7 12.Rad1 Qa5 13.a3 Rac8 14.Ne1 Nd6 15.c5 Nf5
16.e3 Rfe8 17.Nf3 Rcd8 18.Bh3 Rc8 19.Ne1 Ra8 20.Ng2 Rac8 21.f3 Bh6 22.Rde1 Bg7
23.Rd1 Qc7 24.Bc3 Bh6 25.Qf2 Nf6 26.Rfe1 Rf8 27.e4 Ne7 28.e5 Ne8 29.f4 Kh8
30.Nh4 Nf5 31.Nf3 Ne7 32.b4 a6 33.Bf1 Qd7 34.Bd3 Nc7 35.a4 Rfd8 36.Kh1 Qe8
37.Bd2 Qf8 38.Qe2 Qe8 39.Rb1 Ra8 40.Qg2 Kg8 41.Kg1 Qf8 42.Kh1 Rd7 43.g4 Kh8
44.Re2 Kg8 45.Rf1 Kh8 46.Qg3 Rb8 47.a5 Re8 48.h4 Rc8 49.Rh2 Ne8 50.h5 Rcc7
51.g5 Ng7 52.hxg6 Ngf5 53.Qh3 fxg6 54.gxh6 Qf7 55.Be1 Rc8 56.Bh4 Nxh4 57.Qxh4
Nf5 58.Ng5 Qe7 59.Bxf5 gxf5 60.Rg1 Rg8 {#r} 1-0

[Event "Ch Finland (juniors)"]
[Site "masterchessopen.com Finland"]
[Round "6"]
[White "Agopov Mikael (FIN)"]
[Black "Behm Jukka (FIN)"]
[Result "1-0"]
[WhiteElo "2300"]
[BlackElo "2089"]

1.Nf3 Nf6 2.c4 c6 3.g3 d5 4.d4 g6 5.Bg2 Bg7 6.O-O O-O 7.Nbd2 Ne4 8.cxd5 Nxd2
9.Bxd2 cxd5 10.Rc1 Nc6 11.b4 Qb6 12.Qb3 Bg4 13.e3 e6 14.b5 Na5 15.Bxa5 Qxa5
16.Rc3 Bxf3 17.Bxf3 Rfc8 18.Rfc1 Rxc3 19.Rxc3 Bf8 20.a4 Bb4 21.Rc1 Bd6 22.Kg2
Kg7 23.h4 h5 24.e4 dxe4 25.Bxe4 Rb8 26.Rc4 Kg8 27.Qf3 a6 28.Qf6 Bf8 29.Bxg6
fxg6 30.Qxg6+ Bg7 31.Qxe6+ Kh7 32.Rc5 Qd2 33.Rxh5+ Bh6 34.Qf7+ {#r} 1-0

[Event "Bayern Regionalliga Northeast"]
[Site "masterchessopen.com Germany"]
[Round "8"]
[White "Tiefenbach Wilfried (GER)"]
[Black "Pfeiffer Georg (GER)"]
[Result "0-1"]
[WhiteElo "2175"]
[BlackElo "2110"]

1.c4 Nf6 2.g3 c6 3.Bg2 d5 4.Nf3 g6 5.O-O Bg7 6.d4 O-O 7.Nbd2 Ne4 8.Qc2 Bf5
9.Nh4 Nxg3 10.Nxf5 Nxf5 11.e3 e6 12.Nf3 Nd7 13.Bd2 Nh4 14.Qb3 Nxg2 15.Kxg2 Qb6
16.Qc2 Rfc8 17.Rab1 c5 18.cxd5 exd5 19.dxc5 Nxc5 20.Be1 Qe6 21.h3 Ne4 22.Qd3
Nc5 23.Qc2 Qe4 24.Qxe4 dxe4 25.Nd4 Bxd4 26.exd4 Ne6 27.Bc3 Rd8 28.Rbd1 Nf4+
29.Kh2 Rd5 30.Rfe1 Re8 31.Kg3 Nh5+ 32.Kg2 f5 33.Kf1 Kf7 34.h4 Red8 35.f3 Nf6
36.Kf2 b5 37.a3 exf3 38.Kxf3 Ne4 39.Re3 h6 40.Rg1 Rc8 41.Rge1 a6 42.Kg2 Rc4
43.R1e2 Rd7 44.Rf3 Nxc3 45.bxc3 Rdc7 46.Rc2 Rxd4 {#R} 0-1

[Event "It (open) \"]
[Site "masterchessopen.com Heves (Hungary)"]
[Round "2"]
[White "Nagy Bence (HUN)"]
[Black "Kustar Sandor (HUN)"]
[Result "0-1"]
[WhiteElo "2356"]
[BlackElo "2430"]

1.Nf3 Nf6 2.c4 g6 3.g3 Bg7 4.Bg2 c6 5.d4 O-O 6.O-O d5 7.Nbd2 Qb6 8.b3 Bf5
9.Bb2 Nbd7 10.Nh4 Be6 11.Rc1 Bh6 12.e3 Rac8 13.c5 Qc7 14.h3 Nh5 15.g4 Ng7
16.f4 g5 17.Nhf3 f6 18.fxg5 Bxg5 19.Nxg5 fxg5 20.Qe2 Bf7 21.e4 Rce8 22.Qe3 h6
23.e5 Ne6 24.h4 Kh7 25.Rf2 gxh4 26.Nf3 Bg6 27.Rcf1 h3 28.Bxh3 Nf4 29.Nh4 Nxh3+
30.Qxh3 Rxf2 31.Rxf2 Rf8 32.Nxg6 Rxf2 33.Kxf2 Qa5 34.Qd3 {#R} 0-1

[Event "Ch Rheinhessen (HT1)"]
[Site "masterchessopen.com Mainz (Germany)"]
[Round "5"]
[White "Ottstadt Ralph (GER)"]
[Black "Wissemann Andreas (GER)"]
[Result "1-0"]
[WhiteElo "2185"]
[BlackElo "2021"]

1.d4 Nf6 2.Nf3 g6 3.g3 d5 4.Bg2 Bg7 5.O-O O-O 6.Nbd2 c6 7.c4 e6 8.b3 Nbd7
9.Bb2 b6 10.Rc1 Bb7 11.Qc2 Rc8 12.Qb1 c5 13.e3 dxc4 14.bxc4 cxd4 15.exd4 Qc7
16.Rfe1 Rfd8 17.Qa1 Qd6 18.a4 Qb8 19.Bh3 Ne8 20.d5 Bxb2 21.Qxb2 Ng7 22.Ng5 Nc5
23.Nde4 Nxe4 24.Nxe4 Rc7 25.Nf6+ Kh8 26.dxe6 fxe6 27.Bxe6 Bc8 28.Bd5 Bh3
29.Re4 Bf5 30.Re3 Rf8 31.Rce1 {#r} 1-0